Новый додход к опрелению напряжений в ленточных пилах при изгибе на шкивах; Современные техника и технологии; Т. 1

Podrobná bibliografie
Parent link:Современные техника и технологии: 11-я международная научно-практическая конференция студентов, аспирантов и молодых ученых, г. Томск, 29-марта - 2 апреля 2005 г.: труды/ Томский политехнический университет.— , 2005
Т. 1.— 2005.— С. 201-203
Hlavní autor: Кондратьев М. Ю.
Další autoři: Шилько В. К., Кондратюк А. А.
Jazyk:ruština
Vydáno: 2005
Témata:
Médium: Kapitola
KOHA link:https://koha.lib.tpu.ru/cgi-bin/koha/opac-detail.pl?biblionumber=93755

MARC

LEADER 00000naa2a2200000 4500
001 93755
005 20231031105341.0
035 |a (RuTPU)RU\TPU\book\100368 
090 |a 93755 
100 |a 20060401d2005 k y0rusy50 ca 
101 0 |a rus 
102 |a RU 
200 1 |a Новый додход к опрелению напряжений в ленточных пилах при изгибе на шкивах  |f М. Ю. Кондратьев, В. К. Шилько, А. А. Кондратюк 
320 |a Библиогр.: 5 назв. 
461 1 |0 (RuTPU)RU\TPU\book\96566  |t Современные техника и технологии  |o 11-я международная научно-практическая конференция студентов, аспирантов и молодых ученых, г. Томск, 29-марта - 2 апреля 2005 г.: труды  |f Томский политехнический университет  |d 2005 
463 0 |0 (RuTPU)RU\TPU\book\96163  |t Т. 1  |v С. 201-203  |d 2005  |p 404 с. 
610 1 |a напряжения 
610 1 |a пилы 
610 1 |a ленточные пилы 
610 1 |a изгибы 
610 1 |a напряжённые состояния 
610 1 |a шкивы 
610 1 |a труды учёных ТПУ 
700 1 |a Кондратьев  |b М. Ю. 
701 1 |a Шилько  |b В. К. 
701 1 |a Кондратюк  |b А. А. 
801 1 |a RU  |b 63413507  |c 20060401  |g PSBO 
801 2 |a RU  |b 63413507  |c 20141031  |g RCR 
942 |c BK